| 000 | 01207cam a2200229 a 4500 | ||
|---|---|---|---|
| 003 | OSt | ||
| 005 | 20150408113825.0 | ||
| 008 | 070218s2005 le g 000 0 ara c | ||
| 040 |
_amu _bara _cmb |
||
| 082 | 0 | 4 |
_a237.6 _221 |
| 100 | 1 |
_aالبصارة، نبيل بن منصور بن يعقوب _93871 |
|
| 245 | 1 | 0 |
_aأنيس الساري في تخريج وتحقيق الأحاديث التي ذكرها الحافظ ابن حجر العسقلاني في فتح الباري / _cنبيل بن منصور بن يعقوب البصارة. |
| 250 | _aط. 1. | ||
| 260 |
_aبيروت : _bمؤسسة الريان : _bمؤسسة السماحة للطباعة والنشر والتوزيع، _c2005 |
||
| 300 |
_a11 ج. ؛ _c24 سم. |
||
| 650 | 7 |
_aالحديث _xمستخرجات _2aucsh _91240 |
|
| 700 | 1 | 2 |
_aابن حجر العسقلاني، أحمد بن علي بن محمد، _d773-852 هـ. _tفتح الباري بشرح صحيح البخاري. _92224 |
| 700 | 1 | 2 |
_aالبخاري، محمد بن إسماعيل بن إبراهيم، _d194-256 هـ. _tصحيح البخاري. _9560 |
| 740 | 0 | 2 | _aفتح الباري بشرح صحيح البخاري. |
| 740 | 0 | 2 | _aصحيح البخاري. |
| 942 |
_2ddc _cREF |
||
| 999 |
_c7608 _d242108 |
||